000 00414nam a2200169Ia 4500
001 20298
003 IN-NITTTR
005 20251114233232.0
008 251113s9999||||xx |||||||||||||| ||eng||
040 _beng
040 _cIN-NITTTR
041 _aeng
082 _a376 M71R
100 _aMohan, N. Shantha
245 0 _aReturns from education to employed women in India /
_cMohan, N. Shantha
942 _2ddc
_cBK
999 _c22932
_d22932